000 00519nam a2200181Ia 4500
005 20250508162254.0
008 008 250505s9999 xx 000 0 eng d
037 _aTextual
040 _aFEDL
_beng
_cFEDL
041 _aeng
_2eng
084 _a378.54, PAT
_qFEDL
100 _aPatil V T
245 0 _aSemester system: Substance and problems
260 _aNew Delhi, India
_bSterling Publishers Private Limited
_c1984
300 _a76p.
942 _cTEXL
_h378.54, PAT
999 _c1375501
_d1375501